BIBLIOTECA

SENCICO

50 edificios híbridos : (Registro nro. 354)

Detalles MARC
000 -LEADER
fixed length control field 01361nam a2200277 a 4500
003 - CONTROL NUMBER IDENTIFIER
control field PE SENCICO BE
005 - DATE AND TIME OF LATEST TRANSACTION
control field 20251020182435.0
008 - FIXED-LENGTH DATA ELEMENTS--GENERAL INFORMATION
fixed length control field 200515s9999 xx 000 0 und d
020 ## - INTERNATIONAL STANDARD BOOK NUMBER
International Standard Book Number 978-84-09-18822-2
040 ## - CATALOGING SOURCE
Original cataloging agency PE SENCICO BE
Transcribing agency PE SENCICO BE
041 ## - LANGUAGE CODE
Language code of text/sound track or separate title eng
-- spa
082 ## - DEWEY DECIMAL CLASSIFICATION NUMBER
Classification number 690.2
Item number A
110 1# - MAIN ENTRY--CORPORATE NAME
9 (RLIN) 1479
Corporate name or jurisdiction name as entry element A + T Research group
245 10 - TITLE STATEMENT
Title 50 edificios híbridos :
Remainder of title catálogo sobre al arte de mezclar usos = 50 hybrid buildings : catalogue on the art of mixing uses /
Statement of responsibility, etc. A + T Research Group
250 ## - EDITION STATEMENT
Edition statement [1a ed.]
260 ## - PUBLICATION, DISTRIBUTION, ETC.
Place of publication, distribution, etc. Madrid :
Name of publisher, distributor, etc. A + T Research Group,
Date of publication, distribution, etc. [2020]
300 ## - PHYSICAL DESCRIPTION
Extent 359 páginas :
Other physical details ilustraciones a color ;
Dimensions 17 cm.
520 ## - SUMMARY, ETC.
Summary, etc. Esta obra rescata 50 edificios híbridos diseñados entre finales del siglo XIX y comienzos del XXI. Cada uno de ellos está analizado en sección, con sus funciones a la vista y cuenta una historia estimulante.<br/>Es un catálogo de tipos sin tipología, tipos duros que insisten en mezclar usos y usuarios, tipos a los que les gusta la complejidad y la indeterminación y abominan de la pureza y de la segregación.
650 10 - SUBJECT ADDED ENTRY--TOPICAL TERM
Topical term or geographic name entry element Edificios
9 (RLIN) 519
650 20 - SUBJECT ADDED ENTRY--TOPICAL TERM
Topical term or geographic name entry element Diseño arquitectónico
9 (RLIN) 18
650 20 - SUBJECT ADDED ENTRY--TOPICAL TERM
Topical term or geographic name entry element Edificios inteligentes
9 (RLIN) 249
650 20 - SUBJECT ADDED ENTRY--TOPICAL TERM
Topical term or geographic name entry element Reparación y construcción de edificios
9 (RLIN) 1032
650 20 - SUBJECT ADDED ENTRY--TOPICAL TERM
Topical term or geographic name entry element Tecnología de la construcción
9 (RLIN) 589
942 ## - ADDED ENTRY ELEMENTS (KOHA)
Koha item type Libros
Source of classification or shelving scheme Dewey Decimal Classification
Existencias
Fecha de la última vez que lo usaron Número de ingreso o de inventario Pago total Signatura topográfica completa Código de barras Precio efectivo desde Tipo de documento Estado perdido Sistema de clasificación Estado dañado No es para préstamo Retirado Ubicación permanente Ubicación actual Fecha de adquisición Fuente de adquisición
16/10/2023 16675   690.2/A BibLima23100002 05/09/2023 Libros   Dewey Decimal Classification       Biblioteca Central Lima Biblioteca Central Lima 14/08/2023 Comprado de la librería Megabook